000 00668nam a2200241Ia 4500
005 20260430150550.0
008 008 250103s9999 xx 000 0 eng d
037 _aTheses
040 _aCRL
040 _beng
040 _ceng
041 _2eng
041 _aeng
084 _qCRL
100 _aChanchal Au.; Jha Pradip Kumar Gu.
_91237871
245 0 _aStudies on In2Se3 Thin Films and 2D Layered Structures for Device Applications
260 _c2023
300 _a7-22p.
650 _aAstrology; Physics
700 _aUniversity of Delhi. Faculty of Science. Deptt. of Physics & Astrophysics
_91237110
942 _cTH
999 _c1850092
_d1850092